Fußball: Bundesligaverein nach Spielern - Statistiken

Allgemein
  • Dieses Quiz wurde 171 mal gespielt
  • Das Durchschnittsergebnis liegt bei 6 aus 10
Antwortstatistiken
Position Nationalität Name Verein % Korrekt
TW 🇩🇪 Manuel Neuer FC Bayern München
98%
TW 🇨🇭 Gregor Kobel Borussia Dortmund
83%
TW 🇳🇱 Mark Flekken Bayer 04 Leverkusen
74%
TW 🇩🇪 Noah Atubolu SC Freiburg
66%
TW 🇵🇱 Kamil Grabara VfL Wolfsburg
64%
TW 🇩🇪 Michael Zetterer Eintracht Frankfurt
62%
TW 🇩🇪 Moritz Nicolas Borussia M'gladbach
45%
TW 🇩🇪 Robin Zentner 1. FSV Mainz 05
42%
TW 🇩🇪 Alexander Nübel VfB Stuttgart
40%
TW 🇩🇪 Mio Backhaus SV Werder Bremen
34%
Keine übereinstimmenden Quizze gefunden
Verteilung der Resultate
Anzahl Personen mit jedem Resultat
Perzentil nach korrekt beantworteten Fragen
Ihre Resultats-Entwicklung
Sie haben dieses Quiz noch nicht gespielt